LEADER 01402nam2 2200289 i 450 001 SUN0056654 005 20070510120000.0 010 $a88-06-15290-4 100 $a20061128d2001 |0itac50 ba 101 $aita 102 $aIT 105 $a|||| ||||| 200 1 $aˆ1: La ‰cultura del romanzo$fa cura di Franco Moretti 210 $aTorino$cEinaudi$d[2001] 215 $aXVIII, 919 p., [16] c. di tav.$cill.$d22 cm. 461 1$1001SUN0056668$12001 $aˆIl ‰romanzo$fa cura di Franco Moretti$v1$1210 $aTorino$cG. Einaudi$1215 $av.$d22 cm. 620 $dTorino$3SUNL000001 702 1$aMoretti$b, Franco$3SUNV044978 712 $aEinaudi$3SUNV000030$4650 801 $aIT$bSOL$c20181109$gRICA 912 $aSUN0056654 950 $aBIBLIOTECA DEL DIPARTIMENTO DI ARCHITETTURA E DISEGNO INDUSTRIALE$d01 PREST IVCb34(1) $e01 48637 950 $aUFFICIO DI BIBLIOTECA DEL DIPARTIMENTO DI LETTERE E BENI CULTURALI$d07 CONS Zd 1506 1 $e07 UBL396 995 $aBIBLIOTECA DEL DIPARTIMENTO DI ARCHITETTURA E DISEGNO INDUSTRIALE$bIT-CE0107$h48637$kPREST IVCb34(1)$op$qa 995 $aUFFICIO DI BIBLIOTECA DEL DIPARTIMENTO DI LETTERE E BENI CULTURALI$bIT-CE0103$gUBL$h396$kCONS Zd 1506 1$oc$qa 996 $aCultura del romanzo$9511282 997 $aUNICAMPANIA LEADER 00976nam a2200253 i 4500 001 991003090169707536 005 20020503183319.0 008 000908s1904 de ||| | ger 035 $ab10456703-39ule_inst 035 $aEXGIL114942$9ExL 040 $aBiblioteca Interfacoltà$bita 082 04$a098 100 1 $aHilgers, Joseph$0259728 245 14$aDer Index der verbotenen Bücher :$bIn seiner neuen Fassung dargelegt und rechtlich-historisch gewürdigt /$cvon Joseph Hilgers, S.J. 260 $aFreiburg in Breisgau :$bHerder,$c1904 300 $aXXI, 638 p. ;$c25 cm. 650 4$aCensura di stampa$ySec. 16.-18. 907 $a.b10456703$b02-04-14$c27-06-02 912 $a991003090169707536 945 $aLE002 098 HIL 945 $aLE002 Bibl. VII D 18$g1$i2002000281227$lle002$o-$pE0.00$q-$rn$so $t0$u0$v0$w0$x0$y.i10529081$z27-06-02 996 $aIndex der verbotenen Bücher$9221734 997 $aUNISALENTO 998 $ale002$b01-01-00$cm$da $e-$fger$gde $h4$i1